000 00246nam a2200109Ia 4500
005 20251222152702.0
008 251222s9999||||xx |||||||||||||| ||spa||
082 _a467.09/Z37
100 _aZapata, Remigio
245 0 _aMorfosintaxis
942 _cLIB
999 _c28883
_d28883